Osobitosti a aktuálne problémy financovania vybraného odvetvia ekonomika SR bakalárska práca

Saved in:
Bibliographic Details
Main Author: Kováčiková, Lenka
Corporate Author: Národohospodárska fakulta EU. Katedra financií
Other Authors: Červeňová, Magdaléna, 1962-
Format: Book
Language:Slovak
Published: Bratislava 2016
Tags: Add Tag
No Tags, Be the first to tag this record!

MARC

LEADER 00000nbm a2200000 4500
001 0219810
005 20161221095802.3
041 0 |a slo 
044 |a SK 
245 1 0 |a Osobitosti a aktuálne problémy financovania vybraného odvetvia ekonomika SR  |b bakalárska práca  |c Lenka Kováčiková ; školiteľ: Magdaléna Červeňová 
264 1 |a Bratislava  |c 2016 
300 |a 45 s. 
100 1 |a Kováčiková, Lenka 
700 1 |a Červeňová, Magdaléna, 1962- 
710 2 |a Národohospodárska fakulta EU. Katedra financií